Piłkarze z serii "Graj jak..." - Statystyki

Ogólne statystyki
  • Ten quiz został rozwiązany 294 razy
    287 od ostatniego zresetowania
  • Średni wynik to 24 z 79
Statystyki odpowiedzi
Odpowiedź % Poprawnych
8 Cristiano Ronaldo
99%
67 Cristiano Ronaldo
99%
4 Messi
98%
76 Messi
98%
10 Robert Lewandowski
89%
3 Neymar
85%
51 Neymar
85%
63 Mbappe
71%
27 Luis Suarez
60%
1 Ronaldinho
57%
20 Ronaldinho
57%
77 Karim benzema
52%
11 Diego Maradona
50%
52 Luka Modric
50%
74 Sadio mane
49%
68 Zlatan Ibrahimovic
48%
43 Andres Iniesta
46%
26 Arkadiusz Milik
46%
17 Gareth Bale
45%
56 Gareth Bale
45%
16 Eden Hazard
44%
42 Kevin De Bruyne
44%
75 Krzysztof Piątek
42%
49 Sergio Aguero
42%
29 Edinson Cavani
41%
13 Paul Pogba
39%
7 Zinedine Zidane
38%
54 Paulo Dybala
36%
50 Thomas Muller
36%
57 Piotr Zieliński
35%
79 Romelu Lukaku
33%
31 Franck Ribery
31%
62 Raheem Sterling
29%
70 Dembele
27%
33 Kamil Grosicki
27%
34 Aubameyang
25%
15 Marcelo
24%
71 Marcus Rashford
24%
30 Douglas Costa
23%
32 Mesut Ozil
22%
6 Didier Drogba
20%
64 Coutinho
19%
72 Cristian Eriksen
19%
18 David Beckham
19%
44 Alexis Sanchez
18%
66 Fernando Torres
18%
21 Mario Balotelli
17%
36 Riyad mahrez
17%
28 Isco
16%
22 Lukas Podolski
16%
14 Ronaldo Nazario
16%
35 Thiago Alcantara
16%
39 Alvaro Morata
15%
19 Nani
15%
23 Hulk
14%
73 Dani alves
13%
37 Ricardo Quaresma
12%
41 Antoine Griezzman
11%
40 Cuadrado
11%
65 Dimitri Payet
9%
55 Juan Mata
9%
69 marco asensio
9%
5 Mario Goetze
9%
25 Robinho
9%
24 Yannick Bolasie
9%
78 Vinicius jr.
8%
47 Dele Alli
7%
12 Angel Di Maria
6%
38 Ben Arfa
6%
9 Stephan El Shaarawy
6%
45 Aaron Ramsey
4%
46 Jesus Navas
4%
61 Zaha
4%
53 Hachim Mastour
3%
2 Robin van persie
3%
48 Alvaro Negredo
2%
59 Carrasco
2%
60 Giovinco
2%
58 Denis Suarez
0%
Nie znaleziono quizów pasujących do podanych kryteriów
Rozkład punktacji
Procent ludzi z każdym wynikiem
Percentyl według liczby udzielonych odpowiedzi
Twoja historia wyników
Nie rozwiązałeś tego quizu od ostatniego zresetowania